Statistics for Article of Clothing in the Lyrics

Click here to take the quiz!

General Stats

  • This quiz has been taken 52 times
  • The average score is 9 of 15

Answer Stats

LyricsArticle of Clothing% Correct
I'm too sexy for my _____ / Too sexy for my _____ / So sexy it hurtsShirt
89%
If you liked it then you shoulda put a ____ on itRing
84%
Oh, and while the king was looking down / The jester stole his thorny _____Crown
75%
She wears high heels / I wear ________ / She's cheer captain / And I'm on the bleachersSneakers
75%
And as long as I got my suit and ___ / I'ma leave it all on the floor tonightTie
75%
One of these days these _____ are gonna walk all over youBoots
73%
Shawty had them apple bottom _____ (_____) / Boots with the fur (With the fur)Jeans
73%
California girls / We're unforgettable / _____ _____ / Bikinis on topDaisy dukes
59%
A new notch in your ____ is all I'll ever be / And now I see, now I see, now I seeBelt
55%
If you are chilly, here take my _______ / Your head is aching, I'll make it betterSweater
55%
She wore a raspberry _____ / The kind you find in a second hand storeBeret
45%
I wear my __________ at night / So I can, so I can / Watch you weave then breathe your story linesSunglasses
36%
Hey pretty baby with the ____ _____ on / You give me fever like I've never, ever knownHigh heels
34%
I want a girl with a short skirt and a loooong ______Jacket
23%
Oh lawdy mama those friday nights / When Suzy wore her _______ tight / And the crocodile rocking was out of sightDresses
11%

Score Distribution

Percentile by Number Answered

Percent of People with Each Score

Your Score History

You have not taken this quiz